000 00621nam a2200217Ii 4500
001 19565
003 CO-ViMGA
008 241108s9999||||xx |||||||||||||| ||und||
020 _a9789561220041
040 _aCO-ViMGA
_bspa
_erda
_cCO-ViMGA
041 0 _aspa
084 _aC MAY5su
100 1 _aHarold Mayne-Nicholls
_947643
245 1 0 _aSu majestad la encuesta y otros cuentos
264 1 _aSantiago, Chile : Zig-Zag, 2009
300 _avolumen
336 _atext
_btxt
_2rdacontent
337 _aunmediated
_bn
_2rdamedia
338 _avolume
_bnc
_2rdacarrier
940 _aidficha_siabuc: 19221. -- ficha_no_siabuc:19565
999 _c42244
_d42244